The design of high-efficiency turbomachinery and gas turbines / (Record no. 63641)

000 -LEADER
fixed length control field 01067cam a2200289 i 4500
001 - CONTROL NUMBER
control field 18158555
003 - CONTROL NUMBER IDENTIFIER
control field NUST - PNEC
005 - DATE AND TIME OF LATEST TRANSACTION
control field 20170116180819.0
008 - FIXED-LENGTH DATA ELEMENTS--GENERAL INFORMATION
fixed length control field 140521s2014 maua b 001 0 eng
010 ## - LIBRARY OF CONGRESS CONTROL NUMBER
LC control number 2014007225
020 ## - INTERNATIONAL STANDARD BOOK NUMBER
International Standard Book Number 9780262526685 (pbk. : alk. paper)
040 ## - CATALOGING SOURCE
Original cataloging agency DLC
Language of cataloging eng
Transcribing agency LIBRARY
Description conventions rda
Modifying agency DLC
042 ## - AUTHENTICATION CODE
Authentication code pcc
050 00 - LIBRARY OF CONGRESS CALL NUMBER
Classification number TJ267
Item number .W47 2014
082 00 - DEWEY DECIMAL CLASSIFICATION NUMBER
Classification number 621.433 WIL
Edition number 23
100 1# - MAIN ENTRY--PERSONAL NAME
Personal name Wilson, David Gordon,
Dates associated with a name 1928-
245 14 - TITLE STATEMENT
Title The design of high-efficiency turbomachinery and gas turbines /
Statement of responsibility, etc. David Gordon Wilson and Theodosios Korakianitis.
250 ## - EDITION STATEMENT
Edition statement Second edition, with a new preface.
300 ## - PHYSICAL DESCRIPTION
Extent xxix, 593 pages :
Other physical details illustrations ;
Dimensions 23 cm
504 ## - BIBLIOGRAPHY, ETC. NOTE
Bibliography, etc. note Includes bibliographical references and index.
650 #0 - SUBJECT ADDED ENTRY--TOPICAL TERM
Topical term or geographic name entry element Turbomachines
General subdivision Design and construction.
-- ME
650 #0 - SUBJECT ADDED ENTRY--TOPICAL TERM
Topical term or geographic name entry element Gas-turbines
General subdivision Design and construction.
700 1# - ADDED ENTRY--PERSONAL NAME
Personal name Korakianitis, Theodosios.
906 ## - LOCAL DATA ELEMENT F, LDF (RLIN)
a 7
b cbc
c orignew
d 1
e ecip
f 20
g y-gencatlg
942 ## - ADDED ENTRY ELEMENTS (KOHA)
Source of classification or shelving scheme
Koha item type Book
Holdings
Withdrawn status Lost status Source of classification or shelving scheme Damaged status Not for loan Permanent Location Current Location Shelving location Date acquired Source of acquisition Cost, normal purchase price Total Checkouts Full call number Barcode Date last seen Cost, replacement price Price effective from Koha item type
          Pakistan Navy Engineering College (PNEC) Pakistan Navy Engineering College (PNEC) Reference 05/25/2015 ZS Dictionary Books/Library Grant 6943.00   621.433 WIL PNECLIB-032127 06/11/2015 6943.00 05/25/2015 Book
© 2023 Central Library, National University of Sciences and Technology. All Rights Reserved.